000 00293nam a22001097a 4500
082 _a100
100 _aStephen Jeyaseela
_979680
245 _aThe Sky of Undian History :Themes and Thought of Rabindranath Tagore
260 _aDelhi
_bUBS Pub
_c2010
650 _aPhilosophy
_979681
942 _cBK
999 _c63303
_d63303